[Event "Dubai op-B 23rd"]
[Site "Dubai"]
[Date "2023.06.01"]
[Round "6"]
[White "Jaiveer, Mahendru"]
[Black "Pabalan, Rocky"]
[Result "1/2-1/2"]
[WhiteElo "1716"]
[BlackElo "1985"]
[PlyCount "119"]
[EventDate "2023.05.27"]
[EventType "swiss"]
[EventRounds "9"]
[EventCountry "UAE"]
[SourceTitle "CBM 214 Extra"]
[Source "ChessBase"]
[SourceDate "2023.07.31"]
[SourceVersion "1"]
[SourceVersionDate "2023.07.31"]
[SourceQuality "1"]

1. e4 c5 2. Nf3 g6 3. d4 cxd4 4. Nxd4 Nc6 5. Nc3 Bg7 6. Be3 Nf6 7. f3 0-0 8. Bc4 Qb6 9. Bb3 Ng4 10. fxg4 Bxd4 11. Bxd4 Nxd4 12. Nd5 Qc5 13. Nxe7+ Kg7 14. Nd5 Re8 15. Qd3 d6 16. 0-0-0 Nxb3+ 17. axb3 Bxg4 18. Rdf1 Be2 19. Qxe2 Qxd5 20. Rf4 Rac8 21. Qf3 Qe6 22. Rf1 Re7 23. Rf6 Qd7 24. Qd3 Rc6 25. Qd4 Kg8 26. Rd1 Qg4 27. Rxd6 Rxd6 28. Qxd6 Qxe4 29. Qf6 Re8 30. Rf1 Qe6 31. Qf3 Re7 32. Rd1 Kg7 33. Qf4 Qe3+ 34. Qxe3 Rxe3 35. Kd2 Re7 36. Ra1 a6 37. b4 f5 38. Ra5 f4 39. Rc5 Kf6 40. c4 g5 41. b5 axb5 42. Rxb5 h5 43. Rb6+ Kf5 44. Rb5+ Kg4 45. Rb3 Rc7 46. Rc3 Kf5 47. h3 g4 48. hxg4+ hxg4 49. b3 Re7 50. c5 f3 51. gxf3 g3 52. Rc4 Rg7 53. Rc1 Kf4 54. Ke2 Re7+ 55. Kf1 Kxf3 56. b4 Rh7 57. Rc3+ Kg4 58. b5 Rf7+ 59. Kg1 Kh3 60. c6 1/2-1/2

[Event "Sharjah Rapid"]
[Site "Sharjah"]
[Date "2023.03.27"]
[Round "8"]
[White "Saeed, Ishaq"]
[Black "Pabalan, Rocky"]
[Result "1-0"]
[WhiteElo "2303"]
[BlackElo "1985"]
[PlyCount "91"]
[EventDate "2023.03.26"]
[EventType "swiss (rapid)"]
[EventRounds "9"]
[EventCountry "UAE"]
[SourceTitle "CBM 213 Extra"]
[Source "ChessBase"]
[SourceDate "2023.05.31"]
[SourceVersion "1"]
[SourceVersionDate "2023.05.31"]
[SourceQuality "1"]

1. b3 c5 2. Bb2 Nf6 3. Nf3 g6 4. e4 Bg7 5. e5 Nd5 6. c4 Nf4 7. g3 Ne6 8. Nc3 b6 9. Bg2 Bb7 10. Nd5 Nc6 11. 0-0 d6 12. Re1 0-0 13. h4 h5 14. Rb1 dxe5 15. Nxe5 Nxe5 16. Bxe5 Bxe5 17. Rxe5 Rb8 18. Qe1 Qd6 19. Qe3 Bxd5 20. Rxd5 Qc7 21. Qh6 Ng7 22. Be4 e6 23. Rg5 f5 24. Bf3 Rf6 25. Rxg6 Rxg6 26. Qxg6 Qf7 27. Bxh5 Qxg6 28. Bxg6 Rd8 29. Rd1 e5 30. h5 Rd6 31. Kg2 Rf6 32. Re1 e4 33. f3 Rd6 34. fxe4 Rxd2+ 35. Kh3 f4 36. gxf4 Ne6 37. Kg4 Kg7 38. Rg1 Rf2 39. f5 Nd4 40. e5 Re2 41. f6+ Kh6 42. f7 Ne6 43. Kf3 Rxe5 44. Kf2 Ng5 45. Rxg5 Rxg5 46. f8Q# 1-0

[Event "Sharjah Blitz op"]
[Site "Sharjah"]
[Date "2021.05.01"]
[Round "2.4"]
[White "Dimakiling, Oliver"]
[Black "Pabalan, Rocky"]
[Result "1-0"]
[WhiteElo "2409"]
[BlackElo "2040"]
[PlyCount "81"]
[EventDate "2021.05.01"]
[EventType "swiss (blitz)"]
[EventRounds "9"]
[EventCountry "UAE"]
[SourceTitle "CBM 202 Extra"]
[Source "ChessBase"]
[SourceDate "2021.07.31"]
[SourceVersion "1"]
[SourceVersionDate "2021.07.31"]
[SourceQuality "1"]

1. Nf3 Nf6 2. d4 e6 3. Bf4 c5 4. e3 cxd4 5. exd4 Be7 6. c3 b6 7. Nbd2 Bb7 8. Bd3 0-0 9. 0-0 h6 10. h3 d6 11. Re1 Nbd7 12. a4 a6 13. Bg3 Re8 14. Nc4 Qc7 15. Nfd2 Bf8 16. Bf1 Qc6 17. Qb3 Qc7 18. Ne3 Nd5 19. Nxd5 Bxd5 20. c4 Bc6 21. Ne4 Bxe4 22. Rxe4 Qc6 23. Rae1 Nf6 24. R4e3 d5 25. Be5 dxc4 26. Bxc4 Nd5 27. Rg3 Rec8 28. Bd3 Qd7 29. Bb1 b5 30. Qd3 f5 31. a5 Rc4 32. Qf3 Rac8 33. Kh2 Rc1 34. Rxc1 Rxc1 35. Ba2 Rc2 36. Bxd5 Qxd5 37. Qh5 Rxf2 38. Bxg7 Bxg7 39. Qe8+ Kh7 40. Qg6+ Kg8 41. Qh5 1-0

[Event "Sharjah Blitz op"]
[Site "Sharjah"]
[Date "2021.05.01"]
[Round "6.5"]
[White "Pabalan, Rocky"]
[Black "El Adnani, Mokliss"]
[Result "0-1"]
[WhiteElo "2040"]
[BlackElo "2428"]
[PlyCount "52"]
[EventDate "2021.05.01"]
[EventType "swiss (blitz)"]
[EventRounds "9"]
[EventCountry "UAE"]
[SourceTitle "CBM 202 Extra"]
[Source "ChessBase"]
[SourceDate "2021.07.31"]
[SourceVersion "1"]
[SourceVersionDate "2021.07.31"]
[SourceQuality "1"]

1. Nf3 Nf6 2. d4 g6 3. b3 Bg7 4. Bb2 0-0 5. e3 c5 6. Be2 b6 7. 0-0 Bb7 8. c4 Ne4 9. Nbd2 d6 10. Qc2 Nxd2 11. Nxd2 cxd4 12. Bxd4 Bxd4 13. exd4 e5 14. d5 f5 15. f4 Nd7 16. fxe5 Nxe5 17. Nf3 Ng4 18. Qd2 b5 19. Nd4 Nf6 20. Ne6 Qb6+ 21. Kh1 Rf7 22. Qg5 bxc4 23. Rxf5 Ne4 24. Qh6 gxf5 25. g3 Bxd5 26. Bh5 Nxg3# 0-1

[Event "Sharjah Blitz op"]
[Site "Sharjah"]
[Date "2021.05.01"]
[Round "8.8"]
[White "Pabalan, Rocky"]
[Black "Murtaza, Ali"]
[Result "1-0"]
[WhiteElo "2040"]
[BlackElo "2144"]
[PlyCount "34"]
[EventDate "2021.05.01"]
[EventType "swiss (blitz)"]
[EventRounds "9"]
[EventCountry "UAE"]
[SourceTitle "CBM 202 Extra"]
[Source "ChessBase"]
[SourceDate "2021.07.31"]
[SourceVersion "1"]
[SourceVersionDate "2021.07.31"]
[SourceQuality "1"]

1. Nf3 d5 2. d4 Nf6 3. e3 e6 4. b3 Be7 5. Bb2 0-0 6. Bd3 b6 7. 0-0 Bb7 8. Ne5 Nbd7 9. Nd2 Nxe5 10. dxe5 Nd7 11. f4 Nc5 12. Qh5 Nxd3 13. cxd3 f5 14. Rf3 Ba6 15. Rh3 h6 16. Rg3 Kh8 17. Qg6 Rg8 1-0

[Event "Sharjah Rapid op"]
[Site "Sharjah"]
[Date "2021.04.30"]
[Round "7.5"]
[White "Pabalan, Rocky"]
[Black "Hilwani, Talal"]
[Result "0-1"]
[WhiteElo "2040"]
[BlackElo "2274"]
[PlyCount "134"]
[EventDate "2021.04.29"]
[EventType "swiss (rapid)"]
[EventRounds "9"]
[EventCountry "UAE"]
[SourceTitle "CBM 202 Extra"]
[Source "ChessBase"]
[SourceDate "2021.07.31"]
[SourceVersion "1"]
[SourceVersionDate "2021.07.31"]
[SourceQuality "1"]

1. Nf3 c5 2. e3 Nf6 3. b3 g6 4. Bb2 Bg7 5. c4 0-0 6. Be2 Nc6 7. 0-0 b6 8. d3 d5 9. cxd5 Qxd5 10. Nc3 Qd7 11. d4 cxd4 12. Nxd4 Nxd4 13. Qxd4 Qxd4 14. exd4 Bb7 15. Rfe1 Rfd8 16. Rad1 Rac8 17. Bc4 e6 18. Ba3 a6 19. Bb2 b5 20. Bf1 Rc7 21. Bd3 Rdc8 22. Ne2 Nd5 23. Rc1 Bh6 24. Rxc7 Rxc7 25. Bc1 Bg7 26. Bd2 Ne7 27. Ba5 Rd7 28. a4 bxa4 29. bxa4 Nc6 30. Bb6 Nxd4 31. Nxd4 Bxd4 32. Bxd4 Rxd4 33. Bc2 Rd2 34. Bd1 Kg7 35. h4 Kf6 36. Bb3 Rd3 37. Bc2 Rd4 38. g3 a5 39. Re3 Bc6 40. Ra3 Rd2 41. Rc3 Bd7 42. Rc5 Ke7 43. Kf1 Kd6 44. Rc3 Rd4 45. Ra3 Rd2 46. Rc3 Rd4 47. Ra3 e5 48. Ke1 f5 49. Ke2 e4 50. Ke3 Rc4 51. Kd2 Ke5 52. Ra1 h6 53. Bb3 Rb4 54. Kc3 f4 55. Rd1 fxg3 56. fxg3 Be6 57. Bc2 Rc4+ 58. Kb2 Rd4 59. Re1 Bd5 60. Re3 Rd2 61. Kc1 Rf2 62. Rc3 Kd4 63. Ra3 Bc4 64. Kd1 e3 65. Bxg6 Rf1+ 66. Kc2 e2 67. Ra2 Bxa2 0-1

[Event "Sharjah Rapid op"]
[Site "Sharjah"]
[Date "2021.04.30"]
[Round "8.7"]
[White "Pabalan, Rocky"]
[Black "Razan, Alshaeby"]
[Result "1-0"]
[WhiteElo "2040"]
[BlackElo "1711"]
[PlyCount "79"]
[EventDate "2021.04.29"]
[EventType "swiss (rapid)"]
[EventRounds "9"]
[EventCountry "UAE"]
[SourceTitle "CBM 202 Extra"]
[Source "ChessBase"]
[SourceDate "2021.07.31"]
[SourceVersion "1"]
[SourceVersionDate "2021.07.31"]
[SourceQuality "1"]

1. e4 d5 2. exd5 Nf6 3. Nc3 Nxd5 4. Bc4 Nb6 5. Bb3 e6 6. Nf3 a5 7. a3 Bd6 8. d4 0-0 9. 0-0 N8d7 10. Ne4 Be7 11. c4 a4 12. Ba2 c5 13. Be3 cxd4 14. Bxd4 f5 15. Nc3 Bf6 16. c5 Nd5 17. Nxd5 exd5 18. Bxd5+ Kh8 19. c6 bxc6 20. Bxc6 Ra6 21. Bxa4 Bxd4 22. Qxd4 Qc7 23. Rac1 Qa7 24. Bxd7 Qxd4 25. Nxd4 Bxd7 26. Rc7 Rd6 27. Nf3 Bb5 28. Re1 Rc6 29. Rf7 Rfc8 30. Rxf5 Bd3 31. Rfe5 h6 32. h4 Rc2 33. Re8+ Rxe8 34. Rxe8+ Kh7 35. Ne5 Bb5 36. Rb8 Rxb2 37. h5 Rb1+ 38. Kh2 Rb3 39. Ng6 Rb1 40. a4 1-0

[Event "Sharjah Rapid op"]
[Site "Sharjah"]
[Date "2021.04.29"]
[Round "2.12"]
[White "Pabalan, Rocky"]
[Black "Bashaer, Khalil"]
[Result "1-0"]
[WhiteElo "2040"]
[BlackElo "1526"]
[PlyCount "85"]
[EventDate "2021.04.29"]
[EventType "swiss (rapid)"]
[EventRounds "9"]
[EventCountry "UAE"]
[SourceTitle "CBM 202 Extra"]
[Source "ChessBase"]
[SourceDate "2021.07.31"]
[SourceVersion "1"]
[SourceVersionDate "2021.07.31"]
[SourceQuality "1"]

1. e4 c5 2. Nf3 e6 3. d4 cxd4 4. Nxd4 Nf6 5. Bd3 Nc6 6. Nxc6 bxc6 7. 0-0 Qc7 8. Qe2 d5 9. c4 Be7 10. cxd5 cxd5 11. Bg5 dxe4 12. Bb5+ Bd7 13. Bxf6 Bxf6 14. Nd2 0-0 15. Bxd7 Qxd7 16. Nxe4 Qe7 17. Rac1 Rab8 18. b3 Rbc8 19. Qa6 Ra8 20. Rfd1 h6 21. Rc4 Rfd8 22. Re1 Rdb8 23. h3 Rb6 24. Rc8+ Rxc8 25. Qxc8+ Kh7 26. Qc2 Kg8 27. Rd1 Rb7 28. Qc6 Rc7 29. Qa8+ Kh7 30. g3 Rc2 31. Ng5+ Bxg5 32. Qe4+ g6 33. Qxc2 Kg7 34. Rd3 Bf6 35. Qc6 Qb4 36. Rd7 Qe1+ 37. Kg2 Qe5 38. Qb7 g5 39. Rxf7+ Kg6 40. Rf8 a5 41. Rg8+ Kh5 42. Qf3+ g4 43. hxg4# 1-0

[Event "Sharjah Ramadan op rapid"]
[Site "Sharjah"]
[Date "2019.05.15"]
[Round "6"]
[White "Dimakiling, Oliver"]
[Black "Pabalan, Rocky"]
[Result "0-1"]
[WhiteElo "2411"]
[BlackElo "2040"]
[PlyCount "82"]
[EventDate "2019.05.13"]
[EventType "swiss (rapid)"]
[EventRounds "9"]
[EventCountry "UAE"]
[SourceTitle "CBM 190 Extra"]
[Source "ChessBase"]
[SourceDate "2019.07.15"]
[SourceVersion "1"]
[SourceVersionDate "2019.07.15"]
[SourceQuality "1"]

1. c4 b6 2. Nc3 Bb7 3. Nf3 e6 4. a3 g6 5. e4 Bg7 6. d4 Ne7 7. d5 0-0 8. Be3 exd5 9. cxd5 d6 10. Bd4 Nd7 11. Bxg7 Kxg7 12. Be2 Ng8 13. 0-0 a6 14. Rc1 Re8 15. Re1 Ngf6 16. Bf1 Nc5 17. Qc2 c6 18. b4 Ncd7 19. dxc6 Bxc6 20. Rcd1 Qb8 21. Qd3 Qb7 22. Qxd6 Bxe4 23. Nxe4 Rxe4 24. Rxe4 Qxe4 25. Qc7 Qe8 26. h3 Rc8 27. Qd6 Rc2 28. Qd4 b5 29. g4 h6 30. h4 Qa8 31. Rd3 Rc4 32. Qb2 Rxg4+ 33. Bg2 Qe4 34. Re3 Qd5 35. Qe2 Nb6 36. Re7 Nc4 37. Ne1 Qd6 38. Nd3 Rxh4 39. Nc5 Ng4 40. Ne6+ Kf6 41. Nc7 Rh1+ 0-1

[Event "Dubai The Arbor blitz op"]
[Site "Dubai"]
[Date "2019.04.12"]
[Round "7"]
[White "Pabalan, Rocky"]
[Black "Rombaua, Mariel Joseph"]
[Result "1-0"]
[WhiteElo "2131"]
[BlackElo "1829"]
[PlyCount "55"]
[EventDate "2019.04.12"]
[EventType "swiss (blitz)"]
[EventRounds "9"]
[EventCountry "UAE"]
[SourceTitle "CBM 189 Extra"]
[Source "ChessBase"]
[SourceDate "2019.06.03"]
[SourceVersion "1"]
[SourceVersionDate "2019.06.03"]
[SourceQuality "1"]

1. e4 c6 2. d4 d5 3. Nc3 dxe4 4. Nxe4 Nf6 5. Nxf6+ exf6 6. Bc4 Bd6 7. Qf3 0-0 8. Ne2 Be6 9. b3 Bxc4 10. bxc4 Re8 11. 0-0 Na6 12. Rb1 Rb8 13. Bd2 Nc7 14. Rfd1 Ne6 15. h4 Bc7 16. Be3 f5 17. g3 Qf6 18. d5 f4 19. Bxa7 Nf8 20. Bxb8 Rxb8 21. dxc6 bxc6 22. Rxb8 Bxb8 23. Rd3 Ne6 24. Nxf4 Nxf4 25. gxf4 h6 26. Qe4 g6 27. Qe8+ Kg7 28. Rd8 1-0

[Event "Dubai The Arbor blitz op"]
[Site "Dubai"]
[Date "2019.04.12"]
[Round "9"]
[White "Sandipan, Chanda"]
[Black "Pabalan, Rocky"]
[Result "1-0"]
[WhiteElo "2514"]
[BlackElo "2131"]
[PlyCount "91"]
[EventDate "2019.04.12"]
[EventType "swiss (blitz)"]
[EventRounds "9"]
[EventCountry "UAE"]
[SourceTitle "CBM 189 Extra"]
[Source "ChessBase"]
[SourceDate "2019.06.03"]
[SourceVersion "1"]
[SourceVersionDate "2019.06.03"]
[SourceQuality "1"]

1. d4 Nf6 2. Nf3 e6 3. Bf4 c5 4. e3 b6 5. Bd3 Bb7 6. 0-0 cxd4 7. exd4 Be7 8. Nbd2 0-0 9. c3 d6 10. Re1 Nbd7 11. h3 h6 12. Bh2 Re8 13. Nf1 Bf8 14. a4 a6 15. Ne3 g6 16. Bf1 Qc7 17. Nd2 e5 18. dxe5 dxe5 19. Ndc4 Rad8 20. Ng4 Bd5 21. Ncxe5 Nxg4 22. Nxg4 Qc6 23. Rxe8 Rxe8 24. Bxa6 Qe6 25. Bb5 Rd8 26. c4 Bc6 27. Bc7 Bxb5 28. axb5 Rc8 29. Qxd7 Qxd7 30. Nf6+ Kg7 31. Nxd7 Rxc7 32. Nxf8 Kxf8 33. b3 Ke7 34. Ra6 Rb7 35. Ra8 Kd6 36. Rc8 Ke5 37. Rd8 Ra7 38. Rb8 Ra1+ 39. Kh2 Ra2 40. f3 g5 41. Rxb6 h5 42. Rc6 f5 43. b6 Rb2 44. Rc5+ Kf4 45. b7 g4 46. b8Q+ 1-0

[Event "Gibraltar Masters 16th"]
[Site "Caleta"]
[Date "2018.01.31"]
[Round "9"]
[White "Walton, Alan J"]
[Black "Pabalan, Rocky"]
[Result "0-1"]
[WhiteElo "2194"]
[BlackElo "2098"]
[PlyCount "104"]
[EventDate "2018.01.23"]
[EventType "swiss"]
[EventRounds "10"]
[EventCountry "GGB"]
[SourceTitle "CBM 183"]
[Source "ChessBase"]
[SourceDate "2018.03.14"]
[SourceVersion "1"]
[SourceVersionDate "2018.03.14"]
[SourceQuality "1"]

1. d4 Nf6 2. Bg5 c5 3. d5 Ne4 4. Bf4 Qb6 5. Nd2 Qxb2 6. Nxe4 Qb4+ 7. Qd2 Qxe4 8. e3 g5 9. f3 Qf5 10. Bg3 Bg7 11. c3 d6 12. Bd3 Qf6 13. Ne2 e5 14. 0-0 Qe7 15. f4 0-0 16. Qc2 f5 17. fxe5 Bxe5 18. Bxf5 Bxf5 19. Rxf5 Rxf5 20. Qxf5 Nd7 21. Rb1 b6 22. Bxe5 Nxe5 23. Ng3 Ng6 24. Ne4 Kh8 25. Qe6 Qxe6 26. dxe6 Re8 27. Nxg5 Kg7 28. Rd1 h6 29. Nf7 Rxe6 30. Nxd6 Kf6 31. Kf2 Ne5 32. h3 c4 33. Rd4 Nd3+ 34. Kf3 Ne1+ 35. Ke2 Nxg2 36. Kf2 Nxe3 37. Ne4+ Rxe4 38. Rxe4 Nd1+ 39. Kg3 b5 40. Rf4+ Ke5 41. Rh4 Nxc3 42. Rxh6 b4 43. Rc6 Kd5 44. Rc7 Nxa2 45. h4 b3 46. h5 b2 47. Rb7 c3 48. h6 c2 49. h7 b1Q 50. h8Q Qe1+ 51. Kg2 Qd2+ 52. Kh3 Qc3+ 0-1

[Event "Gibraltar Challengers-B"]
[Site "Caleta"]
[Date "2018.01.30"]
[Round "4"]
[White "Adewole, Adeyinka Samuel"]
[Black "Pabalan, Rocky"]
[Result "1-0"]
[WhiteElo "2001"]
[BlackElo "2098"]
[PlyCount "137"]
[EventDate "2018.01.27"]
[EventType "swiss"]
[EventRounds "5"]
[EventCountry "GGB"]
[SourceTitle "EXT 2019"]
[Source "ChessBase"]
[SourceDate "2018.10.10"]
[SourceVersion "1"]
[SourceVersionDate "2018.10.10"]
[SourceQuality "1"]

1. d4 Nf6 2. g3 e6 3. Bg2 d5 4. e3 Bd6 5. f4 b6 6. Nd2 Bb7 7. c4 Nbd7 8. Ngf3 dxc4 9. Nxc4 Bd5 10. Nxd6+ cxd6 11. 0-0 Qc7 12. Bd2 a5 13. Rc1 Qb7 14. Qc2 Ke7 15. Qc7 Qa6 16. Qc2 Rac8 17. Qb1 Be4 18. Qa1 Qd3 19. Rf2 Qb5 20. h3 Qd5 21. Rc3 Rxc3 22. Bxc3 Rc8 23. a3 h6 24. Qf1 g5 25. g4 Rg8 26. fxg5 hxg5 27. Nd2 Bxg2 28. Qxg2 Qxg2+ 29. Kxg2 Nd5 30. e4 Nf4+ 31. Kg3 e5 32. Rh2 Rh8 33. Nf3 f6 34. h4 gxh4+ 35. Nxh4 Kd8 36. Nf5 Rxh2 37. Kxh2 Kc7 38. Kg3 Kc6 39. Kh4 d5 40. dxe5 fxe5 41. Ne7+ Kd6 42. Nxd5 Nxd5 43. exd5 Nf6 44. g5 Nxd5 45. g6 Ke6 46. Kg5 a4 47. Kh6 Nf6 48. g7 Ng8+ 49. Kh7 Nf6+ 50. Kh8 b5 51. g8Q+ Nxg8 52. Kxg8 Kd5 53. Kf7 Kc4 54. Bxe5 b4 55. Bd6 bxa3 56. Bxa3 Kb5 57. Ke6 Kc6 58. Ke5 Kb5 59. Kd5 Ka5 60. Kc5 Ka6 61. Kb4 Kb6 62. Kxa4 Ka6 63. Bc5 Kb7 64. Kb5 Ka8 65. b4 Kb7 66. Bf8 Kb8 67. Kc6 Ka7 68. b5 Kb8 69. b6 1-0

[Event "Sharjah op rapid"]
[Site "Sharjah"]
[Date "2016.06.12"]
[Round "3"]
[White "Pabalan, Rocky"]
[Black "Heberla, Bartlomiej"]
[Result "0-1"]
[WhiteElo "2136"]
[BlackElo "2541"]
[PlyCount "93"]
[EventDate "2016.06.12"]
[EventType "swiss (rapid)"]
[EventRounds "9"]
[EventCountry "UAE"]
[SourceTitle "CBM 173 Extra"]
[Source "ChessBase"]
[SourceDate "2016.08.29"]
[SourceVersion "1"]
[SourceVersionDate "2016.08.29"]
[SourceQuality "1"]

1. e4 c5 2. Nf3 e6 3. d4 cxd4 4. Nxd4 Nf6 5. Bd3 Nc6 6. Nf3 Bc5 7. Qe2 Qc7 8. c3 Ng4 9. Rf1 Nxh2 10. Nxh2 Qxh2 11. g3 d6 12. Bf4 e5 13. Be3 Bxe3 14. Qxe3 Bh3 15. Nd2 Bxf1 16. Nxf1 Qh5 17. Be2 Qg6 18. 0-0-0 0-0 19. g4 h6 20. Kb1 Rfd8 21. Ka1 Qg5 22. Qg3 d5 23. exd5 Rxd5 24. Re1 Qf4 25. Qg2 Rad8 26. Ne3 Rd2 27. a3 Qa4 28. Bc4 Na5 29. g5 Nb3+ 30. Ka2 Rxb2+ 31. Kxb2 Rd2+ 32. Nc2 Rxc2+ 33. Kxc2 Nd4+ 34. Kd3 Qc2+ 35. Ke3 Nf5+ 36. Kf3 Nh4+ 37. Kg3 Nxg2 38. Kxg2 Qxc3 39. Re4 hxg5 40. Be2 f5 41. Rc4 Qd2 42. Rc8+ Kh7 43. Bc4 e4 44. Be6 e3 45. Bxf5+ g6 46. Bg4 Qxf2+ 47. Kh1 0-1

[Event "Gibraltar Masters 14th"]
[Site "Caleta"]
[Date "2016.02.04"]
[Round "10"]
[White "Pabalan, Rocky"]
[Black "Perez Garcia, Alejandro"]
[Result "0-1"]
[WhiteElo "2089"]
[BlackElo "2273"]
[PlyCount "80"]
[EventDate "2016.01.26"]
[EventType "swiss"]
[EventRounds "10"]
[EventCountry "GGB"]
[SourceTitle "CBM 171"]
[Source "ChessBase"]
[SourceDate "2016.03.14"]
[SourceVersion "2"]
[SourceVersionDate "2016.03.14"]
[SourceQuality "1"]

1. e4 e5 2. Nf3 Nc6 3. Bb5 a6 4. Ba4 Nge7 5. 0-0 g6 6. Bxc6 Nxc6 7. d4 exd4 8. Bg5 f6 9. Bf4 Bg7 10. Nxd4 0-0 11. Nc3 d6 12. Be3 Ne5 13. h3 c6 14. b3 f5 15. f4 Nf7 16. exf5 gxf5 17. Rf3 c5 18. Rg3 Kh8 19. Nde2 Be6 20. Qd2 Qf6 21. Rd1 Rae8 22. Nd5 Bxd5 23. Qxd5 Re7 24. Rd3 Rfe8 25. Kh2 Qe6 26. Qf3 b5 27. Qh5 Nh6 28. Ng1 c4 29. bxc4 bxc4 30. Ra3 Ng8 31. Rxa6 Nf6 32. Qd1 Ne4 33. Rf3 Qg6 34. Bd4 Bxd4 35. Qxd4+ Rg7 36. g4 fxg4 37. f5 Qg5 38. f6 gxf3 39. fxg7+ Kg8 40. Qxc4+ d5 0-1

[Event "Gibraltar Challengers-B 14th"]
[Site "Caleta"]
[Date "2016.02.03"]
[Round "5"]
[White "Ramirez Dominguez, Agustin"]
[Black "Pabalan, Rocky"]
[Result "0-1"]
[WhiteElo "2011"]
[BlackElo "2089"]
[PlyCount "102"]
[EventDate "2016.01.30"]
[EventType "swiss"]
[EventRounds "5"]
[EventCountry "GGB"]
[SourceTitle "CBM 170 Extra"]
[Source "ChessBase"]
[SourceDate "2016.02.25"]
[SourceVersion "1"]
[SourceVersionDate "2016.02.25"]
[SourceQuality "1"]

1. e4 c5 2. d4 cxd4 3. c3 g6 4. Nf3 Bg7 5. Bc4 e6 6. 0-0 Ne7 7. e5 d5 8. exd6 Qxd6 9. Nxd4 0-0 10. Nb5 Qc6 11. N1a3 a6 12. Nd4 Qc7 13. Qe2 e5 14. Nf3 b5 15. Bb3 Bb7 16. Nc2 Nbc6 17. Re1 Nf5 18. Ne3 Nxe3 19. Qxe3 Na5 20. Bc2 Nc4 21. Qe2 Nd6 22. Ng5 Qc6 23. f3 h6 24. Ne4 f5 25. Nxd6 Qxd6 26. Be3 g5 27. Rad1 Qc7 28. Bb3+ Kh8 29. Bd5 Rad8 30. Bxb7 Qxb7 31. Rxd8 Rxd8 32. Rd1 Qc7 33. Rxd8+ Qxd8 34. Qd2 Qg8 35. b3 Qe6 36. Qd3 e4 37. fxe4 fxe4 38. Qd2 Kh7 39. Qc2 Qg6 40. c4 b4 41. Qe2 Be5 42. Qf2 Qd6 43. Qd2 Bxh2+ 44. Kh1 Qxd2 45. Bxd2 Bd6 46. Be3 Bf4 47. Bb6 Kg6 48. Kg1 Kf5 49. Kf1 Ke6 50. Ke2 h5 51. Bc5 h4 0-1

[Event "Gibraltar Masters 14th"]
[Site "Caleta"]
[Date "2016.02.01"]
[Round "7"]
[White "Bergstrom, Rolf"]
[Black "Pabalan, Rocky"]
[Result "1-0"]
[WhiteElo "2297"]
[BlackElo "2089"]
[PlyCount "137"]
[EventDate "2016.01.26"]
[EventType "swiss"]
[EventRounds "10"]
[EventCountry "GGB"]
[SourceTitle "CBM 171"]
[Source "ChessBase"]
[SourceDate "2016.03.14"]
[SourceVersion "2"]
[SourceVersionDate "2016.03.14"]
[SourceQuality "1"]

1. e4 c5 2. Nf3 g6 3. Bc4 Bg7 4. c3 e6 5. 0-0 Ne7 6. d4 d5 7. exd5 exd5 8. Bb5+ Bd7 9. Bxd7+ Nxd7 10. Bg5 f6 11. Bf4 c4 12. Re1 0-0 13. Qe2 Rf7 14. Na3 g5 15. Bxg5 fxg5 16. Nxg5 Nf8 17. Nxf7 Kxf7 18. Nc2 a5 19. Ne3 Ra6 20. f4 Nfg6 21. Rf1 Kg8 22. f5 Nf8 23. Ng4 Nd7 24. Rae1 Kf8 25. Rf3 Nf6 26. Nf2 Nc8 27. g4 h6 28. h4 Nd6 29. g5 hxg5 30. hxg5 Nfe4 31. f6 Kg8 32. fxg7 Qxg5+ 33. Kh2 Nf5 34. Nxe4 Rh6+ 35. Rh3 Qf4+ 36. Kg2 Rg6+ 37. Ng3 Rxg3+ 38. Rxg3 Qxg3+ 39. Kf1 Qh3+ 40. Kg1 Qg3+ 41. Kf1 Qh3+ 42. Qg2 Ne3+ 43. Rxe3 Qxe3 44. Qxd5+ Kxg7 45. Qxb7+ Kf6 46. Qa6+ Kg5 47. Qxa5+ Kg4 48. Qe5 Qf3+ 49. Ke1 Qh1+ 50. Kd2 Qb1 51. Qe6+ Kf3 52. Qf7+ Kg3 53. Qxc4 Qxb2+ 54. Ke3 Qc1+ 55. Ke4 Qh1+ 56. Ke5 Qh7 57. d5 Qe7+ 58. Kd4 Qa7+ 59. Kd3 Qb6 60. Qc6 Qb1+ 61. Kd4 Qg1+ 62. Ke5 Qe3+ 63. Kd6 Qh6+ 64. Kd7 Qg7+ 65. Kc8 Qf8+ 66. Kb7 Kf4 67. d6 Ke5 68. d7 Qf7 69. Qc7+ 1-0